Normal view
MARC view
- Dr Muhammad Jawed Iqbal
Entry Corporate Name
001 - CONTROL NUMBER
- control field: 48252
003 - CONTROL NUMBER IDENTIFIER
- control field: NUST
005 - DATE AND TIME OF LATEST TRANSACTION
- control field: 20210314134018.0
008 - FIXED-LENGTH DATA ELEMENTS
- fixed length control field: 210314|| aca||aabn | a|a d
040 ## - CATALOGING SOURCE
- Original cataloging agency: NUST
- Transcribing agency: NUST
110 ## - HEADING--CORPORATE NAME
- Corporate name or jurisdiction name as entry element: Dr Muhammad Jawed Iqbal
670 ## - SOURCE DATA FOUND
- Source citation: Work cat.: (NUST): Abbas Haider 48251, An investigation on premature failure of Mardan Mill By pass road, 18-11-2011
